Mobilné zariadenia a ich využitie pri navigácii používateľa v knižnici

Enregistré dans:
Détails bibliographiques
Auteur principal: Šimko, Igor (Auteur)
Autres auteurs: Andrejčíková, Nadežda (Directeur de thèse)
Format: Manuscrit Livre
Langue:slovaque
Publié: 2016
Sujets:
Accès en ligne:http://is.stuba.sk/zp/portal_zp.pl?podrobnosti=106679
Tags: Ajouter un tag
Pas de tags, Soyez le premier à ajouter un tag!

MARC

LEADER 00000ntm a22000003a 4500
001 stuzp59206
003 SK-STU
005 20160719155808.4
007 ta
008 150427s2015----xo-----f-mn---000-0-slo-d
040 |a STU  |b slo 
041 0 |a slo 
100 1 |a Šimko, Igor  |u 070200  |4 aut  |U FIIT Fakulta informatiky a informačných technológií  |T FIIT Ústav informatiky, informačných systémov a softvérového inžinierstva  |X 72386  |U I200  |Y 179  |7 72386 
242 0 1 |a Mobile devices and their usability for indoor navigation in libraries  |y eng 
245 1 0 |a Mobilné zariadenia a ich využitie pri navigácii používateľa v knižnici 
260 |c 2016 
650 4 |a mobilné zariadenia  |2 slo 
650 4 |a navigácia v budove  |2 slo 
650 4 |a knižnica  |2 slo 
650 4 |a indoor navigation  |2 eng 
650 4 |a mobile devices  |2 eng 
650 4 |a library  |2 eng 
700 1 |a Andrejčíková, Nadežda  |u 070200  |k Z8  |4 ths  |U FIIT Fakulta informatiky a informačných technológií  |T FIIT Ústav informatiky, informačných systémov a softvérového inžinierstva  |X 38835  |U I200  |Y 179  |7 A000038835 
856 4 |u http://is.stuba.sk/zp/portal_zp.pl?podrobnosti=106679 
996 |b 284ID00194  |c I*BAP 47/2016  |l II680  |s P  |a 0  |w stuzp59206_0001 
SQL |a stuzp59206  |b DBP  |c SLO  |d Mobilné zariadenia a ich využitie pri navigácii používateľa v knižnici  |e 72386  |f Šimko, Igor  |g 070200  |h 38835  |i Andrejčíková, Nadežda  |j 20160622  |k 202  |l 07  |m http://is.stuba.sk/zp/portal_zp.pl?podrobnosti=106679  |n B-INFO  |o 9.2.1. informatika